00964cam a2200289 a 450000100060000000300080000600500170001400800390003102000220007003500190009204000320011104100080014308200240015110000330017524501220020825000120033026000460034230000270038849000300041550400540044560000330049965000360053265000250056865000240059365100220061770000350063919620BD-RjUL20231228105450.0140225s1995 nyu b 000 1 eng a0393965945 (pbk.) a(BD-RjUL)19680 aDLCcDLCdDLCdBD-RjULbeng aeng00a823.5220bFIT 19951 aFielding, Henry,d1707-1754.10aTom Jones :bThe authoritative text, contemporary reactions, criticism /c Henry Fielding ; edited by Sheridan Baker. a2nd ed. aNew York :bNorton,cc1995[.reprint 2005] aviii, 804 p. ;c24 cm.0 aA Norton critical edition aIncludes bibliographical references (p. 803-804).10aFielding, Henry,d1707-1754. 0aIdentity (Psychology)vFiction. 0aFoundlingsvFiction. 0aYoung menvFiction. 0aEnglandvFiction.1 aBaker, Sheridan Warner,d1918-